La comunicación cristiana de bienes en sto. Tomás de Aquino: a través de la suma teológica y la suma contra los gentiles
Saved in:
| Format: | Book |
|---|---|
| Language: | Spanish |
| Published: |
Madrid
Euramérica
1965
|
| Series: | Colección Caritas
|
| Subjects: | |
| Tags: |
Add Tag
No Tags, Be the first to tag this record!
|
MARC
| LEADER | 00000nam a2200000 a 4500 | ||
|---|---|---|---|
| 001 | UCL5100 | ||
| 003 | CL-VaPUC | ||
| 008 | 040305e19650000SP |||||||||||||||||spa|d | ||
| 082 | 0 | 4 | |a 241.4 |b COM |2 21 |
| 245 | 1 | 3 | |a La comunicación cristiana de bienes en sto. Tomás de Aquino: a través de la suma teológica y la suma contra los gentiles |
| 300 | |a 249 p | ||
| 942 | |c BK | ||
| 945 | |d 20040305 00:00:00 |a vberengu | ||
| 260 | |a Madrid |b Euramérica |c 1965 | ||
| 600 | 0 | 7 | |a SANTO TOMAS DE AQUINO 1220-1274 |2 CL-VaPUC |9 471754 |
| 650 | 7 | |a CARIDAD |2 CL-VaPUC |9 307339 | |
| 583 | |a last modification |c 20040305 00:00:00 |k Rodrigo Vera | ||
| 490 | 0 | |a Colección Caritas | |
| 999 | |c 307769 |d 307767 | ||
| 952 | |0 0 |1 0 |4 0 |6 241_400000000000000_COM_1965 |7 0 |8 A |9 373881 |a BIBTEO |b BIBTEO |d 2019-11-21 |i 2103966 |o 241.4 COM 1965 |p 2103966 |r 2025-01-17 |w 2019-11-21 |y BK |k ICR | ||